书目信息 |
| 题名: |
神圣罗马帝国文化史
|
|
| 作者: | 哈特曼 著 ;刘新利 , 陈晓春 , 赵杰 译 | |
| 分册: | ||
| 出版信息: | 北京 东方出版社 2005 |
|
| 页数: | 663页 | |
| 开本: | 21cm | |
| 丛书名: | ||
| 单 册: | ||
| 中图分类: | K516.303 | |
| 科图分类: | ||
| 主题词: | 文化史--神圣罗马帝国--1648-1806 | |
| 电子资源: | ||
| ISBN: | 7-5060-2260-5 | |
| 000 | 02391nam0 2200409 450 | |
| 000 | 02354nam0 2200397 450 | |
| 000 | 02324nam0 2200397 450 | |
| 000 | 02270nam0 2200373 450 | |
| 000 | 02288nam0 2200361 450 | |
| 000 | 02251nam0 2200349 45 | |
| 001 | TS2006044104 | |
| 005 | 20070113095512.71 | |
| 010 | @a7-5060-2260-5@dCNY52.00 | |
| 100 | @a20060829d2005 em y0chiy0120 ea | |
| 101 | 1 | @achi@cger |
| 102 | @aCN@b110000 | |
| 105 | @aab ac 000yy | |
| 200 | 1 | @a神圣罗马帝国文化史@AShen Sheng Luo Ma Di Guo Wen Hua Shi@dKulturgeschichte des Heiligen Romischen Reiches 1648 bis 1806,Verfassung, Religion und Kultur@e1648-1806年@E1648-1806 Nian@e帝国法、宗教和文化@EDi Guo Fa、 Zong Jiao He Wen Hua@f(德) 彼得·克劳斯·哈特曼著@F( De ) Bi De· Ke Lao Si· Ha Te Man Zhu@g刘新利, 陈晓春, 赵杰译@zger |
| 210 | @a北京@c东方出版社@d2005 | |
| 215 | @a663页@c[18] 页图版,图 (部分彩图), 地图@d21cm | |
| 305 | @a据奥地利毕劳出版公司2001年版译出 | |
| 306 | @a中文版经该出版公司授权出版。 | |
| 320 | @a有书目 (第546-578页) 与索引 | |
| 330 | @a本书以中欧地区的独立邦国和独立教派为基线,叙述了1648年至1806年的神圣罗马帝国文化史。书中阐述了帝国文化繁荣与多样性发展的理想框架——帝国的体制;帝国多元文化发展的有利前提——帝国体制保障的三大主要教派(天主教、路德宗与加尔文宗)的平等地位和小教派文化发展的可能;帝国文化发展的宗教基础,在圣像问题上对《圣经》的不同解释成为天主教文化与新教文化分道扬镳的起点。书中还详述了帝国文化的各个方面:教会的建筑、艺术和音乐,教育、图书馆与文学,大众文化。 | |
| 333 | @a主要教派(天主教、路德宗与加尔文宗)的平等地位和小教派文化发展的可能;帝国文化发展的宗教基础,在圣像问题上对《圣经》的不同解释成为天主教文化与新教文化分道扬镳的起点。书中还详述了帝国文化的各个方面:教会的建筑、艺术和音乐,教育、图书馆与文学,大众文化 | |
| 510 | 1 | @aKulturgeschichte des Heiligen Romischen Reiches 1648 bis 1806,Verfassung, Religion und Kultur@zger |
| 517 | 1 | @a帝国法、宗教和文化@ADi Guo Fa、 Zong Jiao He Wen Hua |
| 606 | 0 | @a文化史@y神圣罗马帝国@z1648-1806 |
| 690 | @aK516.303@v4 | |
| 701 | 1 | @a哈特曼@AHa Te Man@b彼得·克劳斯@4著 |
| 702 | 0 | @a刘新利@ALiu Xin Li@4译 |
| 702 | 0 | @a陈晓春@AChen Xiao Chun@4译 |
| 702 | 0 | @a赵杰@AZhao Jie@4译 |
| 801 | 0 | @aCN@b中图数据@c20070113 |
| 905 | @a10447@dK516.303@e23 | |
| 神圣罗马帝国文化史=Kulturgeschichte des Heiligen Romischen Reiches 1648 bis 1806,Verfassung, Religion und Kultur:1648-1806年:帝国法、宗教和文化/(德) 彼得·克劳斯·哈特曼著/刘新利, 陈晓春, 赵杰译.-北京:东方出版社,2005 |
| 663页:[18] 页图版,图 (部分彩图), 地图;21cm |
| 使用对象:主要教派(天主教、路德宗与加尔文宗)的平等地位和小教派文化发展的可能;帝国文化发展的宗教基础,在圣像问题上对《圣经》的不同解释成为天主教文化与新教文化分道扬镳的起点。书中还详述了帝国文化的各个方面:教会的建筑、艺术和音乐,教育、图书馆与文学,大众文化 |
| ISBN 7-5060-2260-5:CNY52.00 |
| 本书以中欧地区的独立邦国和独立教派为基线,叙述了1648年至1806年的神圣罗马帝国文化史。书中阐述了帝国文化繁荣与多样性发展的理想框架——帝国的体制;帝国多元文化发展的有利前提——帝国体制保障的三大主要教派(天主教、路德宗与加尔文宗)的平等地位和小教派文化发展的可能;帝国文化发展的宗教基础,在圣像问题上对《圣经》的不同解释成为天主教文化与新教文化分道扬镳的起点。书中还详述了帝国文化的各个方面:教会的建筑、艺术和音乐,教育、图书馆与文学,大众文化。 |
| ● |
| 相关链接 |
|
|
|
|
正题名:神圣罗马帝国文化史
索取号:K516.303/23
 
预约/预借
| 序号 | 登录号 | 条形码 | 馆藏地/架位号 | 状态 | 备注 |
| 1 | 0613409 | 206134093 | 第二样本阅览室/ [索取号:K516.303/23] | 在馆 | |
| 2 | 0613410 | 206134100 | 第二借阅区/ [索取号:K516.303/23] | 在馆 | |
| 3 | 0613411 | 206134119 | 第二借阅区/ [索取号:K516.303/23] | 在馆 | |
| 4 | 0613412 | 206134128 | 第二借阅区/ [索取号:K516.303/23] | 在馆 | |
| 5 | 0613413 | 206134137 | 第二借阅区/ [索取号:K516.303/23] | 在馆 |